| 000 | 00594nam a2200193 4500 | ||
|---|---|---|---|
| 001 | 136494 | ||
| 003 | ES-MaACL | ||
| 005 | 20240825063039.0 | ||
| 007 | t| | ||
| 008 | 070214s1968 sp r ||||1| spa d | ||
| 100 | 1 |
_aRussell, Bertrand, _d1872-1970 _9101033 |
|
| 245 | 1 | 0 |
_aIdeales políticos / _cBertrand Russell ; traducción del inglés por Juan Novella Domingo. |
| 250 | _a2ª ed. | ||
| 260 |
_aMadrid : _bAguilar, _c1968. |
||
| 300 |
_a96 p. ; _c21 cm. |
||
| 700 | 1 |
_aNovella Domingo, Juan. _986074 |
|
| 852 |
_aES-MaACL _jG-8405 _bR.65314 |
||
| 999 |
_c136494 _d136494 |
||